000 00617nam a2200253Ia 4500
005 20260121160508.0
008 008 260114s9999 xx 000 0 eng d
020 _a9781315386140
037 _aEBOOK
040 _aCRL
040 _beng
040 _cCRL
041 _2eng
041 _aeng
084 _qCRL
100 _a Klaus Philipsen
_91032624
245 0 _aBaltimore: Reinventing an Industrial Legacy City
260 _bTaylor and Francis
260 _c2017
856 _uhttp://www.taylorfrancis.com/books/9781315386140
942 _cEBOOK
999 _c1599440
_d1599440